Central Library OPAC University of Rajshahi

Folk art of Bangladesh through ethno-archaeological perspective / (Record no. 16512)

MARC details
000 -LEADER
fixed length control field 00861cam a2200265 a 4500
001 - CONTROL NUMBER
control field 16512
003 - CONTROL NUMBER IDENTIFIER
rucl marc code BD-RjUL
005 - DATE AND TIME OF LATEST TRANSACTION
control field 20211209000022.0
008 - FIXED-LENGTH DATA ELEMENTS--GENERAL INFORMATION
fixed length control field 140213t2001 bg ab b 000 0 eng
020 ## - INTERNATIONAL STANDARD BOOK NUMBER
Canceled/invalid ISBN 9840741747
035 ## - SYSTEM CONTROL NUMBER
System control number (BD-RjUL)16567
040 ## - CATALOGING SOURCE
Original cataloging agency DLC
Transcribing agency DLC
Modifying agency DLC
-- BD-RjUL
Language of cataloging eng
041 ## - LANGUAGE CODE
Language code of text/sound track or separate title eng
082 04 - DEWEY DECIMAL CLASSIFICATION NUMBER
Classification number 745.95492
Author mark and year TAF 2001
100 1# - MAIN ENTRY--PERSONAL NAME
Personal name Talukder, Shahariar,
Dates associated with a name 1953-
9 (RLIN) 51036
245 10 - TITLE STATEMENT
Title Folk art of Bangladesh through ethno-archaeological perspective /
Statement of responsibility, etc. Shahariar Talukder.
250 ## - EDITION STATEMENT
Edition statement 1st ed.
260 ## - PUBLICATION, DISTRIBUTION, ETC. (IMPRINT)
Place of publication, distribution, etc. Dhaka :
Name of publisher, distributor, etc. Bangla Academy,
Date of publication, distribution, etc. 2001.
300 ## - PHYSICAL DESCRIPTION
Pagination 8, 452 p. :
Illustrations ill. ;
Size 23 cm.
504 ## - BIBLIOGRAPHY, ETC. NOTE
Bibliography, etc Includes bibliographical references ([329]-337).
650 #0 - SUBJECT ADDED ENTRY--TOPICAL TERM
Topical term or geographic name as entry element Folk art
Geographic subdivision Bangladesh.
9 (RLIN) 51037
856 41 - ELECTRONIC LOCATION AND ACCESS
Materials specified Table of contents
Uniform Resource Identifier <a href="http://www.loc.gov/catdir/toc/fy032/2001435867.html">http://www.loc.gov/catdir/toc/fy032/2001435867.html</a>
942 ## - ADDED ENTRY ELEMENTS (KOHA)
Source of classification or shelving scheme Dewey Decimal Classification
Koha item type Books
Holdings
Lost status Source of classification or shelving scheme Damaged status Not for loan Collection code Permanent Location Current Location Shelving location Date acquired Source of acquisition Cost, normal purchase price Total Checkouts Full call number Date last seen Copy number Koha item type
  Dewey Decimal Classification   Not For Loan Non-fiction Central Library, University of Rajshahi Central Library, University of Rajshahi   18/07/2012 Dhaka bangla academy 260.00   745.95492 TAF 2001 13/02/2014 C-2 Books
  Dewey Decimal Classification   Not For Loan Non-fiction Central Library, University of Rajshahi Central Library, University of Rajshahi Reading Room 18/07/2012 Dhaka, Bangla Academy 260.00   745.95492 TAF 2001 22/01/2017 C-1 Books